<?xml version="1.0" encoding="UTF-8"?>
<record
    xmlns:xsi="http://www.w3.org/2001/XMLSchema-instance"
    xsi:schemaLocation="http://www.loc.gov/MARC21/slim http://www.loc.gov/standards/marcxml/schema/MARC21slim.xsd"
    xmlns="http://www.loc.gov/MARC21/slim">

  <leader>01845nam a2200277   4500</leader>
  <controlfield tag="001">33372</controlfield>
  <controlfield tag="003">BD-RjUL</controlfield>
  <controlfield tag="005">20211209052010.0</controlfield>
  <controlfield tag="008">140507s1969    nyua     b    001 0 eng d</controlfield>
  <datafield tag="020" ind1=" " ind2=" ">
    <subfield code="a">0030814799 (pbk)</subfield>
  </datafield>
  <datafield tag="035" ind1=" " ind2=" ">
    <subfield code="a">(BD-RjUL)33463</subfield>
  </datafield>
  <datafield tag="040" ind1=" " ind2=" ">
    <subfield code="a">DLC</subfield>
    <subfield code="c">DLC</subfield>
    <subfield code="d">DLC</subfield>
    <subfield code="d">BD-RjUL</subfield>
    <subfield code="b">eng</subfield>
  </datafield>
  <datafield tag="041" ind1=" " ind2=" ">
    <subfield code="a">eng</subfield>
  </datafield>
  <datafield tag="082" ind1="0" ind2="0">
    <subfield code="a">301</subfield>
    <subfield code="b">CUH 1969</subfield>
  </datafield>
  <datafield tag="100" ind1="1" ind2=" ">
    <subfield code="a">Cuzzort, Raymond Paul,</subfield>
    <subfield code="d">1926-</subfield>
    <subfield code="9">101298</subfield>
  </datafield>
  <datafield tag="245" ind1="1" ind2="0">
    <subfield code="a">Humanity and modern sociological thought /</subfield>
    <subfield code="c"> R. P. Cuzzort.</subfield>
  </datafield>
  <datafield tag="260" ind1=" " ind2=" ">
    <subfield code="a">New York :</subfield>
    <subfield code="b">Holt, Rinehart, and Winston,</subfield>
    <subfield code="c">1969.</subfield>
  </datafield>
  <datafield tag="300" ind1=" " ind2=" ">
    <subfield code="a">xi, 350 p. :</subfield>
    <subfield code="b">ill. ;</subfield>
    <subfield code="c">24 cm.</subfield>
  </datafield>
  <datafield tag="500" ind1=" " ind2=" ">
    <subfield code="a">Second ed. published in 1976 under title: Humanity and modern social thought.</subfield>
  </datafield>
  <datafield tag="504" ind1=" " ind2=" ">
    <subfield code="a">Includes Index</subfield>
  </datafield>
  <datafield tag="505" ind1="0" ind2=" ">
    <subfield code="a">Varieties of courage: an introduction to social thought.--The sacred and the profane: an introduction to Emile Durkheim.--Power, bureaucracy, money, and religion: the views of Max Weber.--The unanticipated consequences of human actions: the views of Robert King Merton.--Can science save us? The question of George A. Lundberg.--Statistics of deadly quarrels: the logic of Lewis F. Richardson.--The sociologist in anger: the views of C. Wright Mills.--Abundance, leisure, and loneliness: an introduction to David Riesman.--Humanity as the big con: the human views of Erving Goffman.--The use of sociology as bad faith: the views of Peter L. Berger.--The science of culture: the views of Leslie White.--The crisis of our age: the views of Pitirim A. Sorokin.--Cultural dreams and nightmares: observations by Jules Henry.--The formation of delinquent culture: Albert K. Cohen's theory of the gang.--How to lose at games: the coalition theories of Theodore Caplow.--The uses of sociological thought: a summary.</subfield>
  </datafield>
  <datafield tag="650" ind1=" " ind2="0">
    <subfield code="a">Sociology</subfield>
    <subfield code="x">History.</subfield>
    <subfield code="9">101299</subfield>
  </datafield>
  <datafield tag="942" ind1=" " ind2=" ">
    <subfield code="2">ddc</subfield>
    <subfield code="c">BK</subfield>
  </datafield>
  <datafield tag="999" ind1=" " ind2=" ">
    <subfield code="c">33372</subfield>
    <subfield code="d">33372</subfield>
  </datafield>
  <datafield tag="952" ind1=" " ind2=" ">
    <subfield code="0">0</subfield>
    <subfield code="1">0</subfield>
    <subfield code="2">ddc</subfield>
    <subfield code="4">0</subfield>
    <subfield code="7">1</subfield>
    <subfield code="8">NFIC</subfield>
    <subfield code="a">RUCL</subfield>
    <subfield code="b">RUCL</subfield>
    <subfield code="c">Reading</subfield>
    <subfield code="d">1977-03-30</subfield>
    <subfield code="e">Lions International Gift</subfield>
    <subfield code="g">0.00</subfield>
    <subfield code="l">0</subfield>
    <subfield code="o">301 CUH 1969</subfield>
    <subfield code="r">2014-05-07 00:00:00</subfield>
    <subfield code="t">C-1</subfield>
    <subfield code="w">2014-05-07</subfield>
    <subfield code="y">BK</subfield>
  </datafield>
</record>
